000 00633cam a2200217 4500
001 WB3622-07
008 000000n2000 000 0 eng u
035 _a(Sirsi) u106358
245 _aQuoted sector
260 _c2000
490 _aFinancial Times
_v 2 June 2000, 34(2)
520 _aDiscussion of the role of publicly quoted real estate companies in the framework of the recent events surrounding MEPC.
590 _aWB
650 _aMEPC
650 _aPROPERTY SECTOR
650 _aINSTITUTIONAL INVESTORS
650 _aPROPERTY COMPANIES
650 _aFTSE
690 _aPROPERTY-COMMERCIAL PROPERTY
942 _n0
999 _c63702
_d63702